Ultimate HighBaller Quiz Stats

 Plays Quiz not verified by Sporcle

Score 0/62 Timer 10:00
0 Plays Today
Highballs Ingredients % Correct
Screwdrivervodka|orange juice
50%
Vodka Tonicvodka|tonic
50%
Scotch Sodascotch|soda
41.7%
Gin and Tonicgin|tonic
41.7%
Cuba Librerum|coke
41.7%
Gin and Grapefruitgin|grapefruit juice
33.3%
Horny Bulltequila|orange juice
33.3%
Cape Cod/dervodka|cranberry juice
25%
Vodka Sodavodka|soda
25%
Greyhoundvodka|grapefruit juice
25%
Salty Dogvodka|grapefruit juice
25%
Whiskey Gingerwhiskey|ginger ale
25%
Dark 'n' Stormyrum|ginger beer
25%
Whiskey and Waterwhiskey|water
25%
Fuzzy Navelpeach schnapps|orange juice
16.7%
Gin Rickeygin|soda
16.7%
Moscow Mulevodka|ginger beer
16.7%
Rum Cape Codderrum|cranberry juice
16.7%
Seven and SevenSeagram's 7| 7-up
16.7%
Tequolatequila|coke
16.7%
Sea Breezevodka|cranberry juice|grapefruit juice
8.3%
Madrasvodka|orange juice|cranberry juice
8.3%
Malibu Bay BreezeMalibu rum|cranberry juice|pineapple juice
8.3%
Tequila Sunrisetequila|orange juice|grenadine
8.3%
Gin Chillergin|ginger ale
8.3%
Gin Fizzgin|sprite
8.3%
Gin Orange Blossomgin|orange juice
8.3%
Presbyterianwhiskey|coke|ginger ale
8.3%
Rum Chillerrum|ginger ale
8.3%
Rum Collinsrum|collins mix
8.3%
Sloe Screwvodka|sloe gin|orange juice
8.3%
Highballs Ingredients % Correct
Sloe Comfortable Screwvodka|sloe gin|orange juice|southern comfort
8.3%
Sloe Driversloe gin|orange juice
8.3%
Vodka Chillervodka|ginger ale
8.3%
Hairy Navelvodka|peach schnapps|orange juice
8.3%
Bay Breezevodka|cranberry juice|pineapple juice
0%
Bloody Mariatequila|tomato juice|lemon juice|worchestershire|tabasco|salt and pepper
0%
Bloody Maryvodka|tomato juice|lemon juice|worchestershire|tabasco|salt and pepper
0%
Comfortable Screwsouthern comfort|orange juice
0%
Downeastervodka|cranberry juice|pineapple juice
0%
Fred Fud Puckertequila|orange juice|galliano
0%
John Collinswhiskey|collins mix
0%
Harvey Wallbangervodka|orange juice|galliano
0%
Long Island Iced Teagin|vodka|rum|tequila|sour mix|lime mix|coke
0%
Orange Chillergin|ginger ale|orange juice
0%
Orgasmvodka|triple sec|lime mix|sprite
0%
Tom Collinsgin|collins mix
0%
Vodka Collinsvodka|collins mix
0%
Palomatequila|grapefruit soda
0%
T-N-TTanqueray gin|tonic
0%
Sloe Comfortable Screw Against the Wallsloe gin|southern comfort|orange juice|galliano
0%
Alabama Slammersloe gin|southern comfort|amaretto|orange juice
0%
Lynchburg LemonadeJack Daniels|triple sec|sweet and sour mix|7-up
0%
Floradoragin|lime juice|framboise|ginger ale
0%
Bocce Ballamaretto|orange juice|vodka|soda
0%
Hollywoodblack raspberry liqueur|vodka|pineapple juice
0%
Smith and Wessonvodka|coffee liqueur|cream|soda
0%
Smith and Kearnscoffee liqueur|cream|soda
0%
Scarlet O'Haracranberry juice|southern comfort|lime juice
0%
Sloe Gin Fizzsloe gin|soda|sour mix
0%
Sex on the Beachvodka|peach schnapps|orange juice|cranberry juice
0%
Woo Woovodka|peach schnapps|cranberry juice
0%

You're not logged in!

Compare scores with friends on all Sporcle quizzes.
OR
Log In

Sporcle TV

Today on Sporcle TV


Watch our educational content, quiz creation guides, and fun videos on Sporcle TV.

Show Comments

Extras

Created Aug 20, 2015ReportNominate
Tags:alcohol, bartender

Top Quizzes Today


Score Distribution

Your Account Isn't Verified!

In order to create a playlist on Sporcle, you need to verify the email address you used during registration. Go to your Sporcle Settings to finish the process.

Report this User

Report this user for behavior that violates our Community Guidelines.

Details: